MARC details
| 000 -CABECERA |
| campo de control de longitud fija |
02109nam a2200265 i 4500 |
| 001 - NÚMERO DE CONTROL |
| campo de control |
23224877 |
| 005 - FECHA Y HORA DE LA ÚLTIMA TRANSACCIÓN |
| campo de control |
20250603074859.0 |
| 008 - DATOS DE LONGITUD FIJA--INFORMACIÓN GENERAL |
| campo de control de longitud fija |
230712s2019 nju 000 0 eng |
| 010 ## - NÚMERO DE CONTROL DE LA BIBLIOTECA DEL CONGRESO |
| Número de control de LC |
2023394376 |
| 020 ## - NÚMERO INTERNACIONAL ESTÁNDAR DEL LIBRO |
| Número Internacional Estándar del Libro |
9781119504306 |
| 020 ## - NÚMERO INTERNACIONAL ESTÁNDAR DEL LIBRO |
| Número Internacional Estándar del Libro |
9781119503408 |
| 040 ## - FUENTE DE LA CATALOGACIÓN |
| Centro catalogador/agencia de origen |
DLC |
| Lengua de catalogación |
eng |
| Normas de descripción |
rda |
| Centro/agencia transcriptor |
DLC |
| 042 ## - CÃDIGO DE AUTENTICACIÃN |
| Código de autenticación |
pcc |
| 050 00 - SIGNATURA TOPOGRÁFICA DE LA BIBLIOTECA DEL CONGRESO |
| Número de clasificación |
HF5635 |
| Número de documento/Ítem |
.W52423 2019 |
| 100 ## - ENTRADA PRINCIPAL--NOMBRE DE PERSONA |
| Nombre de persona |
Weygandt, Jerry J. |
| Término indicativo de función/relación |
author. |
| 9 (RLIN) |
21703 |
| 245 10 - MENCIÓN DE TÍTULO |
| Título |
Financial accounting with international financial reporting standards |
| Mención de responsabilidad, etc. |
/ Jerry J. Weygandt, PhD, CPA, Paul D. Kimmel, PhD, CPA, Donald E. Kieso, PhD, CPA. |
| 250 ## - MENCIÓN DE EDICIÓN |
| Mención de edición |
Fourth edition. |
| 264 #1 - PRODUCCIÓN, PUBLICACIÓN, DISTRIBUCIÓN, FABRICACIÓN Y COPYRIGHT |
| Producción, publicación, distribución, fabricación y copyright |
Hoboken, NJ : |
| Nombre del de productor, editor, distribuidor, fabricante |
Wiley, |
| Fecha de producción, publicación, distribución, fabricación o copyright |
[2019] |
| 300 ## - DESCRIPCIÓN FÍSICA |
| Extensión |
1 volume (various pagings) ; |
| Dimensiones |
28 cm |
| 505 ## - NOTA DE CONTENIDO CON FORMATO |
| Nota de contenido con formato |
Accounting in action — The recording process — Adjusting the accounts — Completing the accounting cycle — Accounting for merchandise operations — Inventories — Fraud, internal control, and cash — Accounting for receivables — Plant assets, natural resources, and intangible assets — Current liabilities — Non-Current liabilities — Corporations: organization, share transactions, and equity — Investments — Statements of cash flows — Financial analysis: the big picture. |
| 520 ## - SUMARIO, ETC. |
| Sumario, etc. |
The use of International Financial Reporting Standards is growing rapidly, both outside of the United States and within, especially as IFRS incorporates more US GAAP rules. In the newly updated fifth edition of Financial Accounting with International Financial Reporting Standards, a team of accomplished financial practitioners and educators delivers the newest version of their highly anticipated text. This important work offers practical end-of-chapter exercises and practice problems complete with foreign currency examples, as well as an emphasis on non-US companies and examples. It is perfect for accounting students seeking exposure to internationally utilized accounting standards. |
| 650 #0 - PUNTO DE ACCESO ADICIONAL DE MATERIA--TÉRMINO DE MATERIA |
| Término de materia o nombre geográfico como elemento de entrada |
Accounting |
| 9 (RLIN) |
103 |
| 856 ## - LOCALIZACIÓN Y ACCESO ELECTRÓNICOS |
| Identificador Uniforme del Recurso |
<a href="https://archive.org/details/financial-accounting-with-international-financial-reporting-standards/page/n1/mode/2up">https://archive.org/details/financial-accounting-with-international-financial-reporting-standards/page/n1/mode/2up</a> |
| Texto de enlace |
Pdf available |
| 942 ## - ELEMENTOS DE ENTRADA AGREGADA (KOHA) |
| Fuente del sistema de clasificación o colocación |
Clasificación de Library of Congress |